Les Jacques célèbres - Photos - Statistiques

Statistiques générales
  • Ce quiz a été pris 205 fois
  • Le résultat moyen est 8 sur 15
Statistiques - réponses
Par images Réponse % Correct
Chirac
100%
Brel
97%
Villeret
76%
Higelin
71%
Martin
70%
Anquetil
67%
Delors
52%
Chaban-Delmas
51%
Balutin
46%
Toubon
44%
Weber
43%
Gamblin
36%
Vergès
30%
Offenbach
15%
Laffite
13%
Aucun quiz correspondant
Distribution des résultats
% des personnes avec chaque résultat
Percentile par nombre de réponses
Votre historique - résultats
Vous n’avez pas pris ce quiz